| 000 | 00000nas 2200000zi 4500 |
| 001 | 9.868271 |
| 003 | CaOODSP |
| 005 | 20221107162534 |
| 006 | m o d f |
| 007 | cr ||||||||||| |
| 008 | 190212c20199999xxc x m|o f0###|0fre|d |
| 040 | |aCaOODSP|bfre|erda|cCaOODSP |
| 043 | |an-cn--- |
| 086 | 1 |aTU3-13F-PDF |
| 130 | 0 |aRapport d’enquête sur la sécurité du transport pipelinier. |
| 245 | 10|aRapport d’enquête sur la sécurité du transport pipelinier |
| 264 | 1|a[Gatineau, Québec] : |bBureau de la sécurité des transports du Canada, |c2019- |
| 310 | |aIrrégulier |
| 336 | |atexte|2rdacontent/fre |
| 337 | |ainformatique|2rdamedia/fre |
| 338 | |aressource en ligne|2rdacarrier/fre |
| 500 | |aPublié aussi en anglais sous le titre : Pipeline transportation safety investigation report. |
| 650 | 6|aPétrole|xPipelines|xAccidents|zCanada. |
| 650 | 6|aGaz naturel|xPipelines|xAccidents|zCanada. |
| 650 | 6|aAccidents|xEnquêtes|zCanada. |
| 655 | 7|aPublications en série|2rvmgf |
| 710 | 2 |aBureau de la sécurité des transports du Canada. |
| 775 | 08|tPipeline transportation safety investigation report |w(CaOODSP)9.868269 |